00872nam a2200133Ia 4500008004100000041001200041082001500053100002200068245010100090260001000191440000900201520045900210650006900669240126s9999 xx 000 0 und d aEnglish aPRMB03-999 aShilpa Shantharam 2aA study of economic value added (EVA) at MTR foods limited, BangalorebAshok Anand Ganesh Shenoy bPESIT aNULL aIn this paper, some properties of an edge regular intuitionistic fuzzy graph (IFG) are given and the relationship between degree of a vertex and degree of an edge in intuitionistic fuzzy graph is studied. The condition under which edge regular IFG and totally edge regular IFG are equivalent is provided. Also, we introduce a partially edge regular intuitionistic fuzzy graph and fully edge regular intuitionistic fuzzy graph with suitable illustrations. astudy,economic,value,added,(EVA),at,MTR,foods,limited,,Bangalore